| 000 | 01153nam a22002297a 4500 | ||
|---|---|---|---|
| 999 |
_c33407 _d33407 |
||
| 003 | OSt | ||
| 005 | 20221212202945.0 | ||
| 008 | 140214b2022 slv spa | ||
| 040 | _cBMC | ||
| 082 | _a576.64 | ||
| 100 | 1 |
_aCarranza Guevara, Mónica María _946654 |
|
| 245 | 1 | 0 |
_aPrincipales características clínicas de los pacientes con sospecha de COVID-19 que consultan en las unidades comunitarias de salud familiar Santa Bárbara y Natividad de Santa Ana _b: investigación, informe final _cMónica María Carranza Guevara, Carlos Eduardo Cienfuegos Alvares, José Neftalí Villa Romero |
| 260 |
_aSanta Ana (El Salvador) _bUniversidad Católica de El Salvador _c2021 |
||
| 300 |
_a40+[4] h. _c28 cm _e+ 1 disco compacto |
||
| 500 | _aPrecede al tít.: Universidad Católica de El Salvador, Facultad de Ciencias de la Salud | ||
| 502 | _aPara optar al grado académico de: Doctorado en Medicina | ||
| 650 | 2 | 4 |
_923010 _aVirus |
| 700 | 1 |
_aCienfuegos Alvares, Carlos Eduardo _946655 |
|
| 700 | 1 |
_aVilla Romero, José Neftalí _946656 |
|
| 710 | 2 |
_933484 _aUniversidad Católica de El Salvador _bFacultad de Ciencias de la Salud |
|
| 942 |
_2ddc _cTG |
||